MARC details
| 000 -LEADER |
| campo de control de longitud fija |
02237cam a22003734a 4500 |
| 001 - NÚMERO DE CONTROL |
| campo de control |
83939 |
| 005 - FECHA Y HORA DE LA ÚLTIMA TRANSACCIÓN |
| campo de control |
20230410103903.0 |
| 008 - DATOS DE LONGITUD FIJA--INFORMACIÓN GENERAL |
| campo de control de longitud fija |
991104r20001999enk b 001 0 eng |
| 010 ## - NÚMERO DE CONTROL DE LA BIBLIOTECA DEL CONGRESO |
| Número de control de LC |
99057786 |
| 049 ## - FONDOS LOCALES (OCLC) |
| Biblioteca depositaria |
GRAL |
| 050 14 - SIGNATURA TOPOGRÁFICA DE LA BIBLIOTECA DEL CONGRESO |
| Número de clasificación |
416 DS 128.1 |
| Número de ítem |
R454 2000 |
| 082 00 - NÚMERO DE LA CLASIFICACIÓN DECIMAL DEWEY |
| Número de clasificación |
956.04 |
| 245 00 - MENCIÓN DEL TÍTULO |
| Título |
Revisiting the Yom Kippur war / |
| Mención de responsabilidad, etc. |
editor, P.R. Kumaraswamy. |
| 260 ## - PUBLICACIÓN, DISTRIBUCIÓN, ETC. |
| Lugar de publicación, distribución, etc. |
London ; |
| -- |
Portland, OR : |
| Nombre del editor, distribuidor, etc. |
Frank Cass, |
| Fecha de publicación, distribución, etc. |
2000. |
| 300 ## - DESCRIPCIÓN FÍSICA |
| Extensión |
249 p. ; |
| Dimensiones |
25 cm. |
| 440 #0 - MENCIÓN DE SERIE/PUNTO DE ACCESO ADICIONAL--TÍTULO |
| Título |
Cass series--Israeli history, politics, and society, |
| Número Internacional Normalizado para Publicaciones Seriadas |
1368-4795 ; |
| Designación de volumen o secuencia |
5 |
| 500 ## - NOTA GENERAL |
| Nota general |
"This group of studies first appeared in a special issue ... of Israel affairs 6/1 (Autumn 1999)"--T.p. verso. |
| 504 ## - NOTA DE BIBLIOGRAFÍA, ETC. |
| Nota de bibliografía, etc. |
Includes bibliographical references and index. |
| 505 00 - NOTA DE CONTENIDO CON FORMATO |
| Título |
Preface / |
| Mención de responsabilidad |
Efraim Karsh -- |
| Título |
Revisiting the Yom Kippur War : introduction / |
| Mención de responsabilidad |
P. R. Kumaraswamy -- |
| Título |
Israel's 1973 intelligence failure / |
| Mención de responsabilidad |
Uri Bar-Joseph -- |
| Título |
The 1973 Arab war coalition : aims, coherence,and gain-distribution / |
| Mención de responsabilidad |
Avraham Sela -- |
| Título |
Operational limitations of reserve forces : the lessons of the 1973 war / |
| Mención de responsabilidad |
The Yom Kippur War : diplomacy of war and peace / |
| -- |
Simcha Dinitz -- |
| Título |
The Soviet Union and the Yom Kippur War / |
| Mención de responsabilidad |
Galia Golan -- |
| Título |
From crisis to change : the Israeli political elites and the 1973 war / |
| Mención de responsabilidad |
Gabriel Sheffer -- |
| Título |
The domestic fallout of the Yom Kippur War / |
| Mención de responsabilidad |
Susan Hattis Rolef -- |
| Título |
Perception, image formation and coping in the pre-crisis stage of the Yom Kippur War / |
| Mención de responsabilidad |
Gabriella Heichal -- |
| Título |
The Air Force and the Yom Kippur War : new lessons / |
| Mención de responsabilidad |
Shmuel L. Gordon. |
| 650 #0 - PUNTO DE ACCESO ADICIONAL DE MATERIA--TÉRMINO DE MATERIA |
| Término de materia o nombre geográfico como elemento de entrada |
Israel-Arab War, 1973. |
| 650 #0 - PUNTO DE ACCESO ADICIONAL DE MATERIA--TÉRMINO DE MATERIA |
| Término de materia o nombre geográfico como elemento de entrada |
Israel-Arab War, 1973 |
| Subdivisión general |
Influence. |
| 650 #4 - PUNTO DE ACCESO ADICIONAL DE MATERIA--TÉRMINO DE MATERIA |
| Término de materia o nombre geográfico como elemento de entrada |
La guerra árabe-israelí, 1973 |
| 650 #4 - PUNTO DE ACCESO ADICIONAL DE MATERIA--TÉRMINO DE MATERIA |
| Término de materia o nombre geográfico como elemento de entrada |
La guerra árabe-israelí, 1973 |
| Subdivisión general |
Influencia. |
| 700 1# - ENTRADA AGREGADA--NOMBRE PERSONAL |
| Nombre de persona |
Kumaraswamy, P. R. |
| 856 42 - LOCALIZACIÓN Y ACCESO ELECTRÓNICOS |
| Materiales especificados |
Publisher description |
| Identificador Uniforme de Recursos |
<a href="http://www.loc.gov/catdir/enhancements/fy0652/99057786-d.html">http://www.loc.gov/catdir/enhancements/fy0652/99057786-d.html</a> |
| 938 ## - |
| -- |
Baker and Taylor |
| -- |
BTCP |
| -- |
99057786 |
| 938 ## - |
| -- |
Baker & Taylor |
| -- |
BKTY |
| -- |
55.95 |
| -- |
55.95 |
| -- |
0714650072 |
| -- |
0003347109 |
| -- |
active |
| 938 ## - |
| -- |
Baker & Taylor |
| -- |
BKTY |
| -- |
53.95 |
| -- |
53.95 |
| -- |
0714680672 |
| -- |
0003347110 |
| -- |
active |
| 938 ## - |
| -- |
YBP Library Services |
| -- |
YANK |
| -- |
1604544 |
| 938 ## - |
| -- |
Ingram |
| -- |
INGR |
| -- |
9780714680675 |
| 942 ## - ELEMENTOS DE ENTRADA SECUNDARIOS (KOHA) |
| Fuente del sistema de clasificación o colocación |
Clasificación de Library of Congress |
| Tipo de ítem Koha |
|
| 946 ## - PROCESAMIENTO DE INFORMACIÓN LOCAL (OCLC) |
| a |
rpeña |
| 994 ## - |
| -- |
C0 |
| -- |
DRFGD |